Central Library OPAC University of Rajshahi

Lyrical ballads : (Record no. 17892)

MARC details
000 -LEADER
fixed length control field 00904cam a2200253 a 4500
001 - CONTROL NUMBER
control field 17892
003 - CONTROL NUMBER IDENTIFIER
rucl marc code BD-RjUL
005 - DATE AND TIME OF LATEST TRANSACTION
control field 20211209000216.0
008 - FIXED-LENGTH DATA ELEMENTS--GENERAL INFORMATION
fixed length control field 140219r19651963enk b 001 0 eng u
035 ## - SYSTEM CONTROL NUMBER
System control number oxf98316335
System control number (BD-RjUL)17950
040 ## - CATALOGING SOURCE
Original cataloging agency WSU
Modifying agency m.c
-- OCL
-- BD-RjUL
Language of cataloging eng
Transcribing agency BD-RjUL
041 ## - LANGUAGE CODE
Language code of text/sound track or separate title eng
082 04 - DEWEY DECIMAL CLASSIFICATION NUMBER
Classification number 821.7
Author mark and year WOL 1965
100 1# - MAIN ENTRY--PERSONAL NAME
Personal name Wordsworth, William,
Dates associated with a name 1770-1850.
9 (RLIN) 55210
245 10 - TITLE STATEMENT
Title Lyrical ballads :
Statement of responsibility, etc. Wordsworth and Coleridge. The text of the 1798 edition with the additional 1800 poems and the Prefaces /
Remainder of title edited with introduction, notes and appendices by R.L. Brett and A.R. Jones.
260 ## - PUBLICATION, DISTRIBUTION, ETC. (IMPRINT)
Place of publication, distribution, etc. London :
Name of publisher, distributor, etc. Methuen,
Date of publication, distribution, etc. 1963 [impression 1965].
300 ## - PHYSICAL DESCRIPTION
Pagination xlix, 345 p. ;
Size 19 cm.
504 ## - BIBLIOGRAPHY, ETC. NOTE
Bibliography, etc Bibliography: p. [xi]-xv
700 1# - ADDED ENTRY--PERSONAL NAME
Personal name Brett, R. L.
Personal name Jones, Alun R.
Fuller form of name (Alun Richard)
942 ## - ADDED ENTRY ELEMENTS (KOHA)
Source of classification or shelving scheme Dewey Decimal Classification
Koha item type Books
Holdings
Lost status Source of classification or shelving scheme Damaged status Not for loan Collection code Permanent Location Current Location Shelving location Date acquired Source of acquisition Cost, normal purchase price Total Checkouts Full call number Date last seen Date checked out Copy number Koha item type
  Dewey Decimal Classification     Fiction Central Library, University of Rajshahi Central Library, University of Rajshahi   18/02/1973 Ideal library 39.60 2 821.7 WOL 1965 13/05/2017 18/04/2017 C-2 Books
  Dewey Decimal Classification     Non-fiction Central Library, University of Rajshahi Central Library, University of Rajshahi   22/08/1969 Zetlinger 42.00 1 821.7 WOL 1965 28/03/2024 14/03/2024 C-3 Books
  Dewey Decimal Classification     Non-fiction Central Library, University of Rajshahi Central Library, University of Rajshahi   12/03/2020 Makhdumi and Ahsanullah lib. 25.20   821.7 WOL 1965 12/03/2020   C-4 Books